000 01401nam a2200313 a 4500
001 000008372
005 20240501193633.0
008 081209s2008 dr 000 0 spa d
020 _a9789945162332
020 _a9945162330
040 _aDO-SdBNP
_bspa
_cBNPHU
082 _a371.3028
_bM538e
100 1 _aMéndez, Wagner,
_d1966-
_9731
245 1 0 _aEstrategias y tácticas para la excelencia académica :
_bherramientas para asegurar el éxito estudiantil y forjar el futuro profesional /
_cWagner Méndez ; prólogo Wanda Méndez.
260 _aSanto Domingo :
_bBúho,
_c2008.
300 _axxi, 222 p. ;
_c22 cm.
500 _aIncluye datos biográficos del autor en la solapa de la cubierta
505 0 _aPrólogo -- Introducción -- Primera parte: sentando las bases para la excelencia académica -- Segunda parte: la vida universitaria -- Tercera parte: saliendo del entrenamiento al campo de batalla -- Apéndice.
590 _aLa biblioteca posee 2 ejemplares autografiados por el autor
590 _aInventariado,2018/DG
650 4 _aRendimiento académico
_9732
650 4 _aAptitud de aprendizaje
_9733
650 4 _aOrientación estudiantil
_9734
650 4 _aMétodos de estudio
_9735
650 0 _aEducación superior
_9736
650 4 _aEducación
_zRepública Dominicana
_9737
700 1 2 _aMéndez, Wanda,
_epról.
_922596
910 _aValidado. Control de calidad BNPHU
999 _c8143
_d8143